Increasingly Difficult African Geography #2 - Statistics

General Stats
  • This quiz has been taken 61 times
  • The average score is 14 of 20
Answer Stats
Hint Answer % Correct
Extinct species known for living on theisland of Mauritius {Dodo} bird
98%
Most populous country Nigeria
98%
Canal connecting the Red and Mediterranean Seas Suez Canal
96%
Egyptian city famous for its pyramids Giza
95%
City in Morocco known for a famous cylindrical-shaped hat Fez
93%
Largest country before 2011 Sudan
93%
Ancient city in North Africa who fought Romein the Punic Wars Carthage
91%
Youngest pharaoh to rule Egypt King Tutankhamun
91%
Island off the coast of Tanzania knownfor its film festivals Zanzibar
91%
Most widespread language Arabic
89%
Deepest river in the world Congo River
80%
Unrecognized territory, detached fromNorthern Somalia Somaliland
79%
Largest city in Ivory Coast Abidjan
68%
Saline lake in North-Central Africa that isslowly drying up Lake Chad
61%
Ruler of the Kingdom of Mali known to be the richest person in existence Mansa Musa
54%
Nigerian city formerly known as Edo,capital of the Kingdom of Benin Benin City
39%
Mountain range translating to Dragon's Mountain Drakensberg Range
30%
Point at (0°N 0°E), 0 degrees latitudeand longitude {Null} Island
20%
Piece of unclaimed land in the Egypt-Sudanborder due to various disputes Bir Tawil
13%
Largest indigenous tribe living in the Congolian Rainforests Pygmy Tribe
13%
No matching quizzes found
Score Distribution
Percent of People with Each Score
Percentile by Number Answered
Your Score History
You have not taken this quiz